Tyler, The Creator Charting Songs (Billboard Hot 100) - Statistics

General Stats
  • This quiz has been taken 859 times
    84 since last reset
  • The average score is 32 of 57
Answer Stats
Album Weeks On Peak Artist(s) Answer % Correct
CHROMAKOPIA 28 Weeks #29 Tyler, The Creator ft. Lola Young LIKE HIM
94%
CHROMAKOPIA 9 Weeks #7 Tyler, The Creator ft. Daniel Caesar ST. CHROMA
92%
CHROMAKOPIA 20 Weeks #10 Tyler, The Creator ft. GloRilla, Sexyy Red & Lil Wayne STICKY
92%
IGOR 15 Weeks #13 Tyler, The Creator EARFQUAKE
85%
CHROMAKOPIA 5 Weeks #15 Tyler, The Creator ft. Teezo Touchdown DARLING, I
79%
Flower Boy 20 Weeks #44 Tyler, The Creator ft. Kali Uchis See You Again
77%
Don't Tap The Glass 25 Weeks #41 Tyler, The Creator Sugar On My Tongue
77%
CHROMAKOPIA 4 Weeks #56 Tyler, The Creator ft. Doechii BALLOON
76%
Don't Tap The Glass 2 Weeks #33 Tyler, The Creator & Pharrell Williams ft. Sk8brd Big Poe
76%
CHROMAKOPIA 4 Weeks #32 Tyler, The Creator ft. ScHoolboy Q & Santigold THOUGHT I WAS DEAD
76%
CHROMAKOPIA 3 Weeks #40 Tyler, The Creator JUDGE JUDY
73%
CHROMAKOPIA 5 Weeks #10 Tyler, The Creator NOID
73%
CHROMAKOPIA 4 Weeks #16 Tyler, The Creator RAH TAH TAH
73%
IGOR 1 Week #70 Tyler, The Creator NEW MAGIC WAND
70%
CHROMAKOPIA 3 Weeks #42 Tyler, The Creator ft. Daniel Caesar & LaToiya Williams TAKE YOUR MASK OFF
68%
Call Me If You Get Lost 7 Weeks #14 Tyler, The Creator ft. Ty Dolla $ign & YoungBoy Never Broke Again WUSYANAME
65%
Don't Tap The Glass 8 Weeks #44 Tyler, The Creator Ring Ring Ring
64%
Call Me If You Get Lost: The Estate Sale 1 Week #48 Tyler, The Creator SORRY NOT SORRY
64%
Call Me If You Get Lost: The Estate Sale 4 Weeks #33 Tyler, The Creator DOGTOOTH
62%
Call Me If You Get Lost 1 Week #60 Tyler, The Creator ft. Brent Faiyaz & Fana Hues SWEET / I THOUGHT YOU WANTED TO DANCE
62%
CHROMAKOPIA 2 Weeks #65 Tyler, The Creator I HOPE YOU FIND YOUR WAY HOME
61%
Call Me If You Get Lost 2 Weeks #40 Tyler, The Creator ft. Lil Uzi Vert & Pharrell Williams JUGGERNAUT
61%
IGOR 1 Week #74 Tyler, The Creator A BOY IS A GUN
58%
Call Me If You Get Lost 1 Week #48 Tyler, The Creator ft. Lil Wayne HOT WIND BLOWS
58%
CHROMAKOPIA 2 Weeks #33 Tyler, The Creator HEY JANE
56%
IGOR 1 Week #67 Tyler, The Creator IGOR'S THEME
56%
IGOR 1 Week #51 Tyler, The Creator I THINK
56%
Call Me If You Get Lost 1 Week #42 Tyler, The Creator ft. 42 Dugg LEMONHEAD
56%
CHROMAKOPIA 2 Weeks #46 Tyler, The Creator I KILLED YOU
55%
Don't Tap The Glass 2 Weeks #51 Tyler, The Creator Stop Playing With Me
55%
Don't Tap The Glass 2 Weeks #59 Tyler, The Creator ft. Madison McFerrin Don't You Worry Baby
53%
Call Me If You Get Lost 2 Weeks #45 Tyler, The Creator LUMBERJACK
53%
IGOR 1 Week #88 Tyler, The Creator PUPPET
53%
Don't Tap The Glass 2 Weeks #48 Tyler, The Creator Sucka Free
53%
Don't Tap The Glass 2 Weeks #56 Tyler, The Creator Don't Tap That Glass / Tweakin'
52%
Don't Tap The Glass 3 Weeks #55 Tyler, The Creator ft. Yebba I'll Take Care of You
52%
CHROMAKOPIA 2 Weeks #53 Tyler, The Creator TOMORROW
50%
Non-Album Single 7 Weeks #26 Pharrell Williams, 21 Savage & Tyler, The Creator Cash In Cash Out
48%
Don't Tap The Glass 2 Weeks #54 Tyler, The Creator Mommanem
48%
Call Me If You Get Lost 1 Week #68 Tyler, The Creator ft. Teezo Touchdown RUNITUP
48%
IGOR 1 Week #65 Tyler, The Creator RUNNING OUT OF TIME
48%
Don't Tap The Glass 1 Week #82 Tyler, The Creator Tell Me What It Is
48%
Call Me If You Get Lost: The Estate Sale 1 Week #89 Tyler, The Creator & A$AP Rocky WHARF TALK
47%
Flower Boy 1 Week #87 Tyler, The Creator ft. A$AP Rocky Who Dat Boy
47%
Call Me If You Get Lost 1 Week #59 Tyler, The Creator ft. DJ Drama SIR BAUDELAIRE
45%
IGOR 1 Week #85 Tyler, The Creator WHAT'S GOOD
44%
Call Me If You Get Lost 1 Week #66 Tyler, The Creator MASSA
42%
Call Me If You Get Lost 1 Week #99 Tyler, The Creator ft. Daisy World RISE!
42%
Call Me If You Get Lost 1 Week #95 Tyler, The Creator WILSHIRE
42%
Call Me If You Get Lost 1 Week #55 Tyler, The Creator CORSO
41%
Call Me If You Get Lost 1 Week #84 Tyler, The Creator ft. Domo Genesis MANIFESTO
41%
Let God Sort Em Out 1 Week #66 Clipse & Tyler, The Creator P.O.V.
38%
Wasteland 2 Weeks #71 Brent Faiyaz & DJ Dahi ft. Tyler, The Creator Gravity
29%
Dawn FM 1 Week #52 The Weeknd ft. Tyler, The Creator Here We Go... Again
27%
Non-Album Single 1 Week #89 Tyler, The Creator OKRA
24%
Lil Boat 3 1 Week #83 Lil Yachty & Tierra Whack ft. A$AP Rocky & Tyler, The Creator T.D
24%
The R.E.D. Album 1 Week #100 The Game ft. Lil Wayne & Tyler, The Creator Martians vs. Goblins
18%
No matching quizzes found
Score Distribution
Percent of People with Each Score
Percentile by Number Answered
Your Score History
You have not taken this quiz since the last reset